| 000 | nam a22 7a 4500 | ||
|---|---|---|---|
| 999 |
_c17454 _d17454 |
||
| 008 | 161126b xxu||||| |||| 00| 0 eng d | ||
| 050 | _aND 1043 .P37 1971 | ||
| 110 | _aSotheby Parke Bernet Inc. | ||
| 245 |
_aChinese paintings from the Chiang Er-Shih collection. 1971 Mar. 5./ _cSotheby Parke Bernet Inc. |
||
| 260 |
_aNew York : _bSotheby Parke Bernet Inc., _c1971. |
||
| 300 |
_a88p. : _bill. ; |
||
| 650 | _a Chiang Er -Shih | ||
| 942 |
_2lcc _cBOOKS _hND 1043 .P37 1971 |
||